Fenner aus Strozewerhauland im Kreis Kolmar (Provinz Posen)

Titel: Fenner aus Strozewerhauland im Kreis Kolmar (Provinz Posen) / Jutta Grube
Verfasser:
In: Archiv ostdeutscher Familienforscher, Band 23 (2015), Seite 7-21
alle Artikel anzeigen
Veröffentlicht: 2015
Umfang: 11 Illustrationen
Format: Aufsatz
Sprache: Deutsch
Schlagworte:
Kein Bild verfügbar
X
alg: 46618545
001A    $03025:01-07-20 
001B    $03025:14-07-20 $t13:39:01.000 
001D    $03025:01-07-20 
001U    $0utf8 
001X    $00 
002@    $0Aou 
002C    $aText $btxt $2rdacontent 
002D    $aohne Hilfsmittel zu benutzen $bn $2rdamedia 
002E    $aBand $bnc $2rdacarrier 
003@    $0466185456 
007A    $0466185456 $aHEB 
010@    $ager 
010E    $erda 
011@    $a2015 
021A    $aFenner aus Strozewerhauland im Kreis Kolmar (Provinz Posen) $hJutta Grube 
028A    $BVerfasser $4aut $8Grube, Jutta [Tp3] $9466185405 
031A    $d23 $h7-21 $j2015 
034M    $a11 Illustrationen 
039B    $aEnthalten in $8--Abvc--. Archiv ostdeutscher Familienforscher. - Herne : Arbeitsgem. Ostdt. Familienforscher, 1952-. - ISSN 0003-9470 $x201500000230000993 $904747002X 
044K    $8$PFenner$lFamilie : 17. Jh.- : Kolmar [Tp1] $9466185847 
044K    $#Kolmar Posen, Kreis $74487744-4 $8Kreis Kolmar$gPosen [Tg1] $908908621X 
044K    $RHistorische Hilfswissenschaften $RAbstammung $RLineage $RGenealoge $#Genealogy $#Généalogie $#Genealogie $#Ahnenforschung $#Ahnenkunde $#Familienforschung Genealogie $#Familiengeschichte Genealogie $#Familienkunde $#Historische Familienforschung $#Sippenkunde $#Abstammung Genealogie $#Herkunft Genealogie $74020097-8 $8Genealogie [Ts1] $9085048054 
045F    $a929.094384909033 $eDDC23BSB 
045F/01 $a929 
045F/03 $f09033 
045F/03 $f09034 
045F/03 $g43849 
045T    $a8,1 

lok: 46618545 78

exp: 46618545 78 1 #EPN
201B/01 $001-07-20 $t10:38:51.000 
201C/01 $001-07-20 
201U/01 $0utf8 
203@/01 $01113781491 
208@/01 $a01-07-20 $be 
209A/01 $a/ $f000 $x00 
209A/01 $ab*p $x01 
220C/01 $apgar 
244Z/01 $#Wielkopolska $#Polonia Maior $#Greater Poland $#Velkopolsko $#Grande-Pologne $#Nagy-Lengyelország $74223407-4 $8--Tg1--Großpolen $x01 $9086156667 
247C/01 $82080>Marburg/Lahn, Herder-Institut, Forschungsbibliothek, Bibliographieportal $9336309341
LEADER 00000caa a2200000 c 4500
001 466185456
003 DE-603
005 20200714133901.0
007 tu
008 200701s2015 xx |||| | u00||u|ger c
035 |a (DE-599)HEB466185456 
040 |a DE-603  |b ger  |c DE-603  |d DE-603  |e rda 
041 |a ger 
082 0 4 |8 1\u  |a 929.094384909033  |q DE-101  |2 23/BSB 
084 |a 8,1  |2 ssgn 
085 |8 1\u  |b 929 
085 |8 1\u  |z 1  |s 09033 
085 |8 1\u  |z 1  |s 09034 
085 |8 1\u  |z 2  |s 43849 
100 1 |a Grube, Jutta  |e Verfasser  |4 aut  |0 (DE-603)466185405  |0 (DE-588)1212946324  |2 gnd 
245 0 0 |a Fenner aus Strozewerhauland im Kreis Kolmar (Provinz Posen)  |c Jutta Grube 
264 0 |c 2015 
300 |b 11 Illustrationen 
336 |a Text  |b txt  |2 rdacontent 
337 |a ohne Hilfsmittel zu benutzen  |b n  |2 rdamedia 
338 |a Band  |b nc  |2 rdacarrier 
600 0 7 |a Fenner  |c Familie : 17. Jh.- : Kolmar  |0 (DE-588)1212946677  |0 (DE-603)466185847  |2 gnd 
650 7 |a Genealogie  |0 (DE-588)4020097-8  |0 (DE-603)085048054  |2 gnd 
651 7 |a Kreis Kolmar  |g Posen  |0 (DE-588)4487744-4  |0 (DE-603)08908621X  |2 gnd 
773 0 8 |i Enthalten in  |t Archiv ostdeutscher Familienforscher  |d Herne : Arbeitsgem. Ostdt. Familienforscher, 1952-  |x 0003-9470  |g Band 23 (2015), Seite 7-21  |w (DE-603)04747002X  |w (DE-600)300116-7 
924 0 |9 2080  |a (DE-603)1113781491  |b DE-2080  |c HES  |d d  |g /